Le câblage des algorithmes /

Premiere partie conception algorithmique des circutts, Deuxieme partie vers L'automtition du cablage, Troisieme Partie. Du cablage a la Programmation, Quatrieme partie. Exemples de traitements syncirc....

Salvato in:
Dettagli Bibliografici
Autore principale: Contensou, Jean-Noel.
Natura: Libro
Lingua:French
Pubblicazione: Paris : Hermes, 1995.
Soggetti:
Tags: Aggiungi Tag
Nessun Tag, puoi essere il primo ad aggiungerne! !
Thư viện lưu trữ: Mạng thư viện Đại học Đà Nẵng
LEADER 01082cam a2200361 i 4500
001 000044257
003 2609
005 20030319103143.0
008 010307|1995 vm 000 fre
020 |a 0009935037 
040 |a IRC  |c IRC  |d IRC 
041 0 |a fre 
082 1 4 |a 005.4  |b CO-J 
100 1 |a Contensou, Jean-Noel. 
245 0 3 |a Le câblage des algorithmes /  |c Jean-Noel Contensou. 
260 |a Paris :  |b Hermes,  |c 1995. 
300 |a 404Tr. ;  |c 23,5cm. 
520 3 |a Premiere partie conception algorithmique des circutts, Deuxieme partie vers L'automtition du cablage, Troisieme Partie. Du cablage a la Programmation, Quatrieme partie. Exemples de traitements syncirc.... 
630 0 4 |a Computer. 
630 0 4 |a Informatique. 
630 0 4 |a Câblage. 
630 0 4 |a Algorithms. 
650 0 4 |a Câblage  |x Algorithmes Informatique. 
OWN |a DUT 
999 |a From the UDN01 
TYP |a Monograph 
TYP |a Printed language 
980 |a Mạng thư viện Đại học Đà Nẵng